000
00279nam a2200121Ia 4500
008
190216s9999||||xx |||||||||||||| ||und||
100
_a
Vasishta. Pc
245
0
_a
Taxonomy Of Angiosperms
260
_b
Rchand And Company
_c
1986
300
_a
884p
650
_a
Botany
942
_c
BK
999
_c
1220
_d
1220